000 00822nam a2200265Ia 4500
001 Para_536
003 CHAP
008 220125s1995 xx 000 0 und d
010 _a199291
040 _cCHAP
090 _aPA FOLLETO 3319
110 _aMéxico. Dirección de Fruticultura
_9164581
245 _aEvite la defoliación prematura de sus arboles de durazno por causa de la roya del durazno (Transcchelia discolor) /
_c por Dirección de Fruticultura
260 _aMéxico :
_b La Dirección
300 _a1 hoja desplegable
410 _aFolleto para fruticultores
650 _aRoya del durazno
_9100385
901 _aPA FOLLETO 3319
902 _aA
905 _a0000001995 0000000000 00
910 _a1995
942 _cPARA
942 _cPARA
_d1
999 _c199291
_d199291